Mechanizace pro pěstování zeleniny v nových podmínkách

Bibliographic Details
Format: Article
Language:Czech
Slovak
PhysicalDescription:Fot. 4. Tb. 2.
Subjects:

MARC

LEADER 00000nab a2200000 a 4500
001 vtls000416158
003 SK-MaSNL
005 20260302234802.0
008 120925c1991 xo 0 cze
015 |a SNBRB19rr/mm-uuuuu 
035 |a CL0416283 
040 |a SNKBUCL  |b slo  |c SNKBUCL  |e AACR2 
041 0 |a slo 
044 |a xo  |c SK 
080 |a 631.332.87:635.1/.8:631.543  |2 1981 
080 |a 635.1/.8  |2 1981 
080 |a 631.543  |2 1981 
245 0 0 |a Mechanizace pro pěstování zeleniny v nových podmínkách 
300 |b Fot. 4. Tb. 2. 
650 0 7 |a mechanizácia zeleninárstva  |2 snkbucl  |9 949605 
650 0 7 |a zelenina  |2 snkbucl  |9 2731 
655 7 |a články z novín a časopisov  |2 snkbucl  |9 267496 
773 0 |t Záhradníctvo  |g Roč. 16, č. 4 (1991), s. 114-115 
850 |a Slovenská národná knižnica v Martine  |a MTA001 
852 |a SNK  |b KIS3GCP 
958 |a RK 
992 |a RBX 
999 |c 1551946  |d 1553876